| 000 | 00702 a2200205 4500 | ||
|---|---|---|---|
| 001 | 54614 | ||
| 005 | 20260407155820.0 | ||
| 008 | 260407a1986 arg spa d | ||
| 003 | AR-UNSa-BCEJYS | ||
| 040 |
_aAR-UNSa-BCEJYS _bspa _cAR-UNSa-BCEJYS |
||
| 080 |
_a321.7 _xDemocracia |
||
| 245 | 1 | 0 | _aTeoría de la democracia social |
| 020 | _a950-43-0832-5 | ||
| 264 | 1 |
_aBuenos Aires : _bEdiciones Depalma _c1986 |
|
| 300 |
_a492 p. _c23 cm. |
||
| 505 | _aI. ¿Existen rasgos predeterminantes para fundar una democracia social? - II. Del ser de la argentinidad - III. Teoría de la democracia social | ||
| 942 | _cBK | ||
| 590 | _aniveau_biblio:m niveau_hierar:0 | ||
| 100 | 1 | _aFiguerola, Francisco José | |
| 999 |
_c5688 _d5688 |
||